Shine - Collective Soul (All Lyrics) - Statistics

General Stats
  • This quiz has been taken 11 times
  • The average score is 147 of 228
Answer Stats
Answer % Correct
a
100%
me
88%
shine
88%
Shine
88%
to
88%
And
75%
and
75%
be
75%
down
75%
I
75%
let
75%
light
75%
on
75%
the
75%
where
75%
your
75%
Give
63%
give
63%
Heaven
63%
is
63%
it
63%
Love
63%
love
63%
sign
63%
Tell
63%
there
63%
what
63%
What
63%
word
63%
Come
50%
in
50%
look
50%
Show
50%
show
50%
will
50%
Will
50%
Woah
50%
air
38%
find?
38%
find
38%
water
38%
Yeah
38%
yeah
38%
fly
25%
gonna
25%
I'm
25%
sky
25%
ground
13%
Hey
13%
Lay
13%
little
13%
Heaven's
0%
No matching quizzes found
Score Distribution
Percent of People with Each Score
Percentile by Number Answered
Your Score History
You have not taken this quiz